<?xml version="1.0" encoding="UTF-8"?>
<collection xmlns="http://www.loc.gov/MARC21/slim">
 <record>
  <leader>04092pamaa2200253   4500</leader>
  <controlfield tag="001">0000046212</controlfield>
  <controlfield tag="005">20130117090000.0</controlfield>
  <controlfield tag="008">091019                             eng  </controlfield>
  <datafield tag="020" ind1="0" ind2="0">
   <subfield code="a">9780415773508 </subfield>
  </datafield>
  <datafield tag="090" ind1="0" ind2="0">
   <subfield code="a">HF5549.5.E45 </subfield>
   <subfield code="b">BRI 2009</subfield>
  </datafield>
  <datafield tag="100" ind1="1" ind2="0">
   <subfield code="a">Briscoe </subfield>
  </datafield>
  <datafield tag="245" ind1="1" ind2="0">
   <subfield code="a">International human resource management : </subfield>
   <subfield code="b">policies and practices for multinational enterprises  </subfield>
   <subfield code="c">Dennis R. Briscoe, Randall S. Schuler, Lisbeth Claus.</subfield>
  </datafield>
  <datafield tag="250" ind1="0" ind2="0">
   <subfield code="a">3rd ed.</subfield>
  </datafield>
  <datafield tag="260" ind1="0" ind2="0">
   <subfield code="a">London ; New York: </subfield>
   <subfield code="b">Routledge, </subfield>
   <subfield code="c">2009.</subfield>
  </datafield>
  <datafield tag="300" ind1=" " ind2=" ">
   <subfield code="a">xix, 397 p.: </subfield>
   <subfield code="b">ill.; </subfield>
   <subfield code="c">26 cm.</subfield>
  </datafield>
  <datafield tag="440" ind1="0" ind2="0">
   <subfield code="a">Routledge global human resource management series</subfield>
  </datafield>
  <datafield tag="501" ind1="0" ind2="0">
   <subfield code="a">BATUH</subfield>
  </datafield>
  <datafield tag="501" ind1="0" ind2="0">
   <subfield code="a">BBDUH</subfield>
  </datafield>
  <datafield tag="504" ind1="0" ind2="0">
   <subfield code="a">Includes bibliographical references (p. [342]-377) and indexes</subfield>
  </datafield>
  <datafield tag="505" ind1="0" ind2="0">
   <subfield code="a">List of illustrations -- List of tables -- List of boxes -- IHRM in action -- List of vignettes -- Foreword -- Acknowledgments -- List of acronyms -- Introduction -- pt. I. Introduction to International Human Resource Management :  the context -- 1. The globalization of human resource management -- The internationalization of business -- The internationalization of human resource management -- Strategic international human resource management -- The evolving international human resource function -- Conclusion -- 2. Creating the international organization : strategy and structure -- Global organizational structure -- Choice of method for entry into international business -- Organizational structure and design -- International human resource management and global organizational design -- Research on the structure and performance of the multinational enterprise -- The global learning organization  : the tie that binds -- Conclusion -- 3. International human resource management and culture -- The nature and importance of culture -- Country culture versus company culture -- Cultural convergence and/or divergence -- Research in international human resource management -- Impact of culture on international human resource management -- Conclusion --  4. Global employment law, industrial relations, and international ethics -- The institutional context of international business -- The global legal and regulatory context of the multinational enterprise -- International labor relations -- The international framework of ethics -- Conclusion -- pt. II. International Human Resource Management  in the multinational enterprise : policies and practices -- 5. Global talent management and staffing -- Global work force planning and forecasting -- Staffing the multinational enterprise : an introduction -- Staffing with international assignees -- Host country nationals -- Third country nationals -- Immigration law -- Conclusion -- 6. Training and management development in the multinational enterprise -- Training in the multinational enterprise -- Issues related to global training and development -- Virtual and global teams -- Global leadership development -- Development of a global mind-set -- Cross-cultural preparation for international assignees -- Knowledge management in the multinational enterprise -- Conclusion -- 7. Global compensation, benefits, and taxes -- Global remuneration in the multinational enterprise -- Compensation and benefits for international assignees -- Global compensation and benefits management in the multinational enterprise -- Conclusion -- 8. International employee performance management -- The concept of performance management -- Performance management in themultinational enterprise -- Performance  management of international assignees -- Conclusion -- 9. The well-being of  the global work force, global human resource information systems, and the structure of today's international human  resource management -- The well-being of the global work force -- Global human resource support services and information systems -- Structure of global human resources -- Conclusion -- Notes -- Author index -- Subject index</subfield>
  </datafield>
  <datafield tag="650" ind1="0" ind2="0">
   <subfield code="a">International business enterprises -- </subfield>
   <subfield code="x">Personnel management </subfield>
  </datafield>
  <datafield tag="700" ind1="1" ind2="1">
   <subfield code="a">Schuler, </subfield>
   <subfield code="h">Randall S. </subfield>
  </datafield>
  <datafield tag="700" ind1="1" ind2="1">
   <subfield code="a">Claus, </subfield>
   <subfield code="h">Lisbeth M. </subfield>
  </datafield>
  <datafield tag="901" ind1=" " ind2=" ">
   <subfield code="u">http://www.routledge.com</subfield>
  </datafield>
 </record>
</collection>
